[Event "Zagreb Hulak Memorial op 2nd"]
[Site "Zagreb"]
[Date "2017.12.02"]
[Round "3"]
[White "Spasov, Vasil"]
[Black "Filipovic, Tomislav"]
[Result "1-0"]
[WhiteElo "2493"]
[BlackElo "2168"]
[PlyCount "131"]
[EventDate "2017.11.30"]
[EventType "swiss"]
[EventRounds "9"]
[EventCountry "CRO"]
[SourceTitle "EXT 2019"]
[Source "ChessBase"]
[SourceDate "2018.10.10"]
[SourceVersion "1"]
[SourceVersionDate "2018.10.10"]
[SourceQuality "1"]

1. e4 c5 2. Nf3 e6 3. g3 Nc6 4. Bg2 Nf6 5. Qe2 d5 6. exd5 Nxd5 7. 0-0 Be7 8. Rd1 0-0 9. d4 cxd4 10. Nxd4 Nxd4 11. Rxd4 Bf6 12. Rd1 Qb6 13. c4 Ne7 14. Nc3 Bxc3 15. bxc3 Nc6 16. Ba3 Re8 17. Bd6 Qa6 18. Rd2 e5 19. c5 Qa4 20. Rb1 e4 21. Qb5 Qa3 22. Qb3 Qxb3 23. axb3 Bf5 24. Ra1 a6 25. b4 h6 26. h3 Rad8 27. Rad1 f6 28. g4 Bg6 29. Bf4 Rxd2 30. Rxd2 Re7 31. Kf1 h5 32. Ke2 hxg4 33. hxg4 Bf7 34. Ke3 Be6 35. g5 f5 36. Bd6 Re8 37. g6 Bd7 38. Bf1 Be6 39. Be2 Bb3 40. Rb2 Be6 41. Rd2 Bb3 42. Bf1 Rd8 43. Rb2 Be6 44. Kf4 Na7 45. c4 Nc8 46. b5 axb5 47. cxb5 Nxd6 48. Rd2 Kf8 49. Rxd6 Rxd6 50. cxd6 b6 51. Bh3 Bd7 52. Bxf5 Bxb5 53. Kxe4 Ke8 54. f4 Ba4 55. Ke5 Bb3 56. Be6 Bc2 57. f5 b5 58. Kd5 b4 59. Kc4 b3 60. Kc3 Kd8 61. f6 gxf6 62. g7 Bh7 63. Kxb3 Ke8 64. Kc3 Kd8 65. Kd4 Ke8 66. Ke3 1-0

[Event "Zagreb Hulak Memorial op 1st"]
[Site "Zagreb"]
[Date "2016.06.11"]
[Round "2"]
[White "Tiviakov, Sergei"]
[Black "Filipovic, Tomislav"]
[Result "1-0"]
[WhiteElo "2588"]
[BlackElo "2136"]
[PlyCount "67"]
[EventDate "2016.06.10"]
[EventType "swiss"]
[EventRounds "9"]
[EventCountry "CRO"]
[SourceTitle "CBM 173 Extra"]
[Source "ChessBase"]
[SourceDate "2016.08.29"]
[SourceVersion "1"]
[SourceVersionDate "2016.08.29"]
[SourceQuality "1"]

1. e4 c5 2. Nc3 d6 3. Nge2 Nc6 4. d4 cxd4 5. Nxd4 Nf6 6. Bg5 Bd7 7. Qd2 a6 8. f4 e6 9. 0-0-0 Qc7 10. Kb1 Be7 11. Nf3 Rd8 12. Bd3 0-0 13. g4 b5 14. Rhg1 Bc8 15. Bxf6 Bxf6 16. g5 Bxc3 17. Qxc3 b4 18. Qe1 Rfe8 19. h4 e5 20. f5 d5 21. f6 g6 22. h5 dxe4 23. Bxe4 Rxd1+ 24. Qxd1 Be6 25. Rh1 Nd4 26. hxg6 fxg6 27. Nxd4 exd4 28. Qxd4 Qf7 29. b3 a5 30. Rh6 Bf5 31. Bxf5 gxf5 32. g6 Re1+ 33. Kb2 hxg6 34. Qh4 1-0

[Event "Zagreb op"]
[Site "Zagreb"]
[Date "2015.04.20"]
[Round "5"]
[White "Filipovic, Tomislav"]
[Black "Veleski, Robert"]
[Result "1/2-1/2"]
[WhiteElo "2071"]
[BlackElo "2279"]
[PlyCount "71"]
[EventDate "2015.04.17"]
[EventType "swiss"]
[EventRounds "9"]
[EventCountry "CRO"]
[SourceTitle "CBM 166 Extra"]
[Source "ChessBase"]
[SourceDate "2015.06.18"]
[SourceVersion "1"]
[SourceVersionDate "2015.06.18"]
[SourceQuality "1"]

1. d4 Nf6 2. c4 g6 3. Nc3 Bg7 4. e4 d6 5. Nf3 0-0 6. Be2 e5 7. 0-0 Nc6 8. d5 Ne7 9. b4 Nh5 10. Re1 Nf4 11. Bf1 f5 12. Bxf4 exf4 13. e5 g5 14. exd6 cxd6 15. Rc1 Ng6 16. c5 g4 17. Nd4 dxc5 18. bxc5 Qf6 19. Ne6 Bxe6 20. dxe6 g3 21. Qf3 Ne5 22. Qxf4 gxf2+ 23. Kxf2 Ng4+ 24. Kg3 Bh6 25. Qc4 Ne3 26. Rxe3 Qg5+ 27. Kh3 Qg4+ 28. Qxg4+ fxg4+ 29. Kxg4 Bxe3 30. Rd1 Rf4+ 31. Kg3 Raf8 32. Kh3 Bxc5 33. Be2 Rd4 34. Rxd4 Bxd4 35. e7 Bxc3 36. exf8Q+ 1/2-1/2

[Event "Zagreb op"]
[Site "Zagreb"]
[Date "2015.04.19"]
[Round "4"]
[White "Rogulj, Branko"]
[Black "Filipovic, Tomislav"]
[Result "0-1"]
[WhiteElo "2426"]
[BlackElo "2071"]
[PlyCount "102"]
[EventDate "2015.04.17"]
[EventType "swiss"]
[EventRounds "9"]
[EventCountry "CRO"]
[SourceTitle "CBM 166 Extra"]
[Source "ChessBase"]
[SourceDate "2015.06.18"]
[SourceVersion "1"]
[SourceVersionDate "2015.06.18"]
[SourceQuality "1"]

1. e4 c5 2. Nc3 Nc6 3. Bb5 Nd4 4. Bc4 e6 5. Nf3 d6 6. 0-0 Nf6 7. d3 Be7 8. Nxd4 cxd4 9. Ne2 Qb6 10. a4 0-0 11. a5 Qc5 12. b4 Qxb4 13. e5 Nd7 14. Ba3 Qxa5 15. exd6 Bf6 16. Ng3 b5 17. Qh5 a6 18. Bb3 Bb7 19. f4 Qb6 20. f5 e5 21. Ne4 Bxe4 22. dxe4 d3+ 23. Kh1 dxc2 24. Bxc2 Rac8 25. Bb3 a5 26. Bd5 b4 27. Bc1 b3 28. Ba3 Rc2 29. Be6 Nc5 30. Bxc5 Rxc5 31. Rad1 Rc2 32. Bd5 a4 33. Qf3 Qc5 34. Qd3 b2 35. Ba2 Rc1 36. d7 Rd8 37. h3 Rxd1 38. Rxd1 h6 39. Qe2 a3 40. Qd3 Bg5 41. Qb3 Qe7 42. Qd5 Be3 43. f6 Qxf6 44. Qd3 Bc5 45. Qb5 Qe7 46. Qc6 Bd4 47. Rf1 Rxd7 48. Rxf7 Qxf7 49. Qxd7 Qxa2 50. Qc8+ Kh7 51. Qf5+ Kh8 0-1

[Event "Zagreb op"]
[Site "Zagreb"]
[Date "2015.04.18"]
[Round "2"]
[White "Kokol, Peter"]
[Black "Filipovic, Tomislav"]
[Result "1-0"]
[WhiteElo "2337"]
[BlackElo "2071"]
[PlyCount "45"]
[EventDate "2015.04.17"]
[EventType "swiss"]
[EventRounds "9"]
[EventCountry "CRO"]
[SourceTitle "CBM 166 Extra"]
[Source "ChessBase"]
[SourceDate "2015.06.18"]
[SourceVersion "1"]
[SourceVersionDate "2015.06.18"]
[SourceQuality "1"]

1. c4 Nf6 2. Nc3 e6 3. d4 d6 4. e4 b6 5. f4 Bb7 6. Bd3 g6 7. Nf3 Bg7 8. 0-0 0-0 9. Kh1 Nbd7 10. Qe2 c5 11. e5 dxe5 12. dxe5 Ng4 13. Be4 Qc8 14. Ng5 Nh6 15. Be3 Nb8 16. Qf3 Bxe4 17. Ncxe4 Nd7 18. Qh3 Rd8 19. Nd6 Qc6 20. Ndxf7 Nxf7 21. Qxh7+ Kf8 22. Qxg6 Nxg5 23. fxg5+ 1-0

[Event "CRO-chT U20 18th"]
[Site "Sv Filip i Jakov"]
[Date "2009.04.17"]
[Round "8"]
[White "Filipovic, Tomislav"]
[Black "Plenca, Julian"]
[Result "1/2-1/2"]
[WhiteElo "1957"]
[BlackElo "2248"]
[PlyCount "54"]
[EventDate "2009.04.14"]
[EventType "team-tourn"]
[EventRounds "11"]
[EventCountry "CRO"]
[SourceTitle "CBM 129 Extra"]
[Source "ChessBase"]
[SourceDate "2009.05.05"]
[SourceVersion "2"]
[SourceVersionDate "2009.05.20"]
[SourceQuality "1"]

1. d4 Nf6 2. c4 e6 3. Nf3 Bb4+ 4. Bd2 a5 5. a3 Be7 6. Nc3 d5 7. cxd5 exd5 8. Bf4 0-0 9. e3 c6 10. Be2 Nbd7 11. Qc2 Nh5 12. Bg3 Nxg3 13. hxg3 g6 14. 0-0 Nf6 15. Rfe1 Re8 16. Bd3 Bf8 17. e4 dxe4 18. Nxe4 Nxe4 19. Bxe4 Be6 20. Rad1 Bd5 21. Bxd5 Qxd5 22. Re5 Qd6 23. Rxe8 Rxe8 24. Qb3 b5 25. Ne5 Re6 26. Nxc6 a4 27. Qd3 Qd5 1/2-1/2

[Event "CRO-chT U20 18th"]
[Site "Sv Filip i Jakov"]
[Date "2009.04.16"]
[Round "5"]
[White "Baturina, Andrija"]
[Black "Filipovic, Tomislav"]
[Result "1/2-1/2"]
[WhiteElo "2049"]
[BlackElo "1957"]
[PlyCount "64"]
[EventDate "2009.04.14"]
[EventType "team-tourn"]
[EventRounds "11"]
[EventCountry "CRO"]
[SourceTitle "CBM 129 Extra"]
[Source "ChessBase"]
[SourceDate "2009.05.05"]
[SourceVersion "2"]
[SourceVersionDate "2009.05.20"]
[SourceQuality "1"]

1. Nf3 Nf6 2. g3 d5 3. Bg2 c6 4. 0-0 Bf5 5. b3 h6 6. Bb2 Nbd7 7. d4 e6 8. c4 b6 9. Nc3 Be7 10. Nd2 0-0 11. e4 dxe4 12. Ndxe4 Nxe4 13. Nxe4 Rc8 14. Qe2 Nf6 15. Rad1 Nxe4 16. Bxe4 Bxe4 17. Qxe4 Qc7 18. Rfe1 Bf6 19. Bc1 Rfd8 20. Bf4 Qd7 21. Be5 Bxe5 22. Qxe5 Qd6 23. f4 Rd7 24. Qe4 Rcd8 25. Re2 g6 26. Red2 h5 27. Kf2 Qc7 28. h3 Rd6 29. g4 Qe7 30. Kg3 hxg4 31. hxg4 Qf6 32. g5 Qg7 1/2-1/2

[Event "CRO-chT U20 18th"]
[Site "Sv Filip i Jakov"]
[Date "2009.04.16"]
[Round "6"]
[White "Filipovic, Tomislav"]
[Black "Ivekovic, Zvonimir"]
[Result "0-1"]
[WhiteElo "1957"]
[BlackElo "2266"]
[PlyCount "56"]
[EventDate "2009.04.14"]
[EventType "team-tourn"]
[EventRounds "11"]
[EventCountry "CRO"]
[SourceTitle "CBM 129 Extra"]
[Source "ChessBase"]
[SourceDate "2009.05.05"]
[SourceVersion "2"]
[SourceVersionDate "2009.05.20"]
[SourceQuality "1"]

1. b3 e5 2. Bb2 Nc6 3. c4 d6 4. g3 Bd7 5. Bg2 h5 6. e3 h4 7. Ne2 Qg5 8. Nbc3 0-0-0 9. d4 f5 10. d5 Nce7 11. Rg1 Nf6 12. Qd2 h3 13. f4 Qh6 14. Bf1 Ng4 15. Rh1 g5 16. Nb5 Bxb5 17. cxb5 Bg7 18. Rc1 Kb8 19. b6 cxb6 20. a3 exf4 21. exf4 Bf6 22. Nd4 Bxd4 23. Qxd4 gxf4 24. gxf4 Ng6 25. Bb5 Nxf4 26. Rc3 Rhe8+ 27. Bxe8 Rxe8+ 28. Kd1 Ne2 0-1

[Event "Zagreb op-B"]
[Site "Zagreb"]
[Date "2008.05.14"]
[Round "3"]
[White "Medic, Mirjana"]
[Black "Filipovic, Tomislav"]
[Result "1/2-1/2"]
[WhiteElo "2266"]
[BlackElo "2005"]
[PlyCount "102"]
[EventDate "2008.05.12"]
[EventType "swiss"]
[EventRounds "9"]
[EventCountry "CRO"]
[SourceTitle "CBM 124 Extra"]
[Source "ChessBase"]
[SourceDate "2008.07.03"]
[SourceVersion "1"]
[SourceVersionDate "2008.07.03"]
[SourceQuality "1"]

1. d4 Nf6 2. c4 g6 3. Nc3 Bg7 4. Nf3 d6 5. g3 0-0 6. Bg2 Nbd7 7. 0-0 e5 8. h3 Re8 9. e4 exd4 10. Nxd4 c6 11. Re1 Nb6 12. Bf1 Be6 13. b3 d5 14. cxd5 cxd5 15. e5 Ne4 16. Bb2 Bxe5 17. Nxe4 dxe4 18. Rxe4 Bd5 19. Re1 Bg7 20. Qd3 Rc8 21. Rad1 Rxe1 22. Rxe1 Qd7 23. Ba3 Re8 24. Rxe8+ Qxe8 25. Nb5 Qe4 26. Qxe4 Bxe4 27. Bc5 Bb1 28. a3 Bc2 29. b4 Bb2 30. Nxa7 Nd7 31. Bd6 Bxa3 32. Bg2 b6 33. Bc6 Bf5 34. g4 Be6 35. Nc8 f5 36. Bxd7 Bxd7 37. Nxb6 Be6 38. g5 Bc1 39. h4 h6 40. gxh6 Bxh6 41. Na8 Kf7 42. Nc7 Bc8 43. b5 Bd2 44. b6 Bb7 45. Bc5 Bf4 46. Nb5 Ke6 47. Be3 Be5 48. Bg5 Kd5 49. Nc7+ Bxc7 50. bxc7 Kd6 51. Bf4+ Kd7 1/2-1/2

[Event "SRB Central-ch"]
[Site "Vrnjacka Banja"]
[Date "2007.12.13"]
[Round "6"]
[White "Dodic, Dragan"]
[Black "Filipovic, Tomislav"]
[Result "1-0"]
[WhiteElo "2162"]
[BlackElo "2010"]
[PlyCount "57"]
[EventDate "2007.12.10"]
[EventType "swiss"]
[EventRounds "9"]
[EventCountry "YUG"]
[SourceTitle "CBM 121 Extra"]
[Source "ChessBase"]
[SourceDate "2008.01.10"]
[SourceVersion "1"]
[SourceVersionDate "2008.01.10"]
[SourceQuality "1"]

1. d4 Nf6 2. c4 g6 3. Nc3 Bg7 4. e4 d6 5. Bd3 0-0 6. Nge2 c5 7. d5 Nbd7 8. f4 Re8 9. 0-0 a6 10. a4 b6 11. h3 Qc7 12. g4 Nf8 13. Ng3 N6d7 14. Bd2 Bb7 15. h4 e6 16. Qf3 Rad8 17. g5 Nb8 18. Rae1 Qd7 19. h5 Bd4+ 20. Kg2 Bc8 21. Rh1 a5 22. b3 Na6 23. Nb5 Bg7 24. Bc3 e5 25. f5 f6 26. fxg6 fxg5 27. gxh7+ Kh8 28. Ref1 Qf7 29. Be2 1-0

[Event "SRB Central-ch"]
[Site "Vrnjacka Banja"]
[Date "2007.12.12"]
[Round "4"]
[White "Colovic, Zoran"]
[Black "Filipovic, Tomislav"]
[Result "1-0"]
[WhiteElo "2234"]
[BlackElo "2010"]
[PlyCount "30"]
[EventDate "2007.12.10"]
[EventType "swiss"]
[EventRounds "9"]
[EventCountry "YUG"]
[SourceTitle "CBM 121 Extra"]
[Source "ChessBase"]
[SourceDate "2008.01.10"]
[SourceVersion "1"]
[SourceVersionDate "2008.01.10"]
[SourceQuality "1"]

1. e4 c5 2. c3 d5 3. exd5 Qxd5 4. d4 Nc6 5. Be3 cxd4 6. cxd4 e5 7. Nf3 exd4 8. Nxd4 Nxd4 9. Bxd4 Bd7 10. Nc3 Qe6+ 11. Be2 Nf6 12. 0-0 Be7 13. Bf3 Kf8 14. Re1 Qd6 15. Bxf6 gxf6 1-0